[Event "Molde Spring"]
[Site "Molde"]
[Date "2010.04.20"]
[Round "10"]
[White "Bryn, Thomas"]
[Black "Simensen, Stein Ivar"]
[Result "1-0"]
[WhiteElo "1951"]
[BlackElo "981"]
[PlyCount "49"]
[EventDate "2010.02.02"]
[EventType "tourn"]
[EventRounds "11"]
[EventCountry "NOR"]
[SourceTitle "EXT 2024"]
[Source "ChessBase"]
[SourceDate "2023.10.10"]
[SourceVersion "1"]
[SourceVersionDate "2023.10.10"]
[SourceQuality "1"]

1. d4 d5 2. c4 c6 3. Nf3 Nf6 4. e3 e6 5. b3 Be7 6. Bb2 Nbd7 7. Bd3 a6 8. 0-0 Rb8 9. Nbd2 b5 10. c5 Qc7 11. b4 Nf8 12. Re1 Kd7 13. e4 dxe4 14. Nxe4 Nxe4 15. Bxe4 g5 16. Ne5+ Ke8 17. Bxc6+ Bd7 18. Bxd7+ Nxd7 19. d5 Rg8 20. d6 Bxd6 21. cxd6 Qb7 22. Nxf7 Kxf7 23. Qh5+ Kf8 24. Qh6+ Ke8 25. Qxe6+ 1-0

[Event "Molde Spring"]
[Site "Molde"]
[Date "2010.03.30"]
[Round "7"]
[White "Simensen, Stein Ivar"]
[Black "Hoem, Tor Wetle"]
[Result "0-1"]
[WhiteElo "981"]
[BlackElo "1810"]
[PlyCount "68"]
[EventDate "2010.02.02"]
[EventType "tourn"]
[EventRounds "11"]
[EventCountry "NOR"]
[SourceTitle "EXT 2024"]
[Source "ChessBase"]
[SourceDate "2023.10.10"]
[SourceVersion "1"]
[SourceVersionDate "2023.10.10"]
[SourceQuality "1"]

1. e4 d6 2. d4 Nf6 3. Nc3 Nbd7 4. Nf3 e5 5. dxe5 dxe5 6. Be2 c6 7. 0-0 Qc7 8. b3 Be7 9. Bb2 h6 10. Re1 g5 11. Nd2 Nf8 12. Nc4 Ng6 13. Ne3 Bd7 14. Nf5 0-0-0 15. Bd3 Bc5 16. Ne2 Nf4 17. Nxf4 gxf4 18. Qf3 Rhg8 19. Rad1 Rg6 20. Bc4 Rdg8 21. Nh4 Rg4 22. Bxf7 R8g7 23. Bc4 Rxh4 24. Qd3 Rhg4 25. Kh1 Rxg2 26. Rg1 Rxg1+ 27. Rxg1 Rxg1+ 28. Kxg1 Ng4 29. Kg2 Nxf2 30. Qd2 Bh3+ 31. Kf3 Qg7 32. Ke2 Qg4+ 33. Ke1 Qg1+ 34. Ke2 Bg4# 0-1

[Event "Molde Spring"]
[Site "Molde"]
[Date "2010.03.09"]
[Round "5"]
[White "Simensen, Stein Ivar"]
[Black "Isachsen, Harald"]
[Result "1-0"]
[WhiteElo "981"]
[BlackElo "1512"]
[PlyCount "79"]
[EventDate "2010.02.02"]
[EventType "tourn"]
[EventRounds "11"]
[EventCountry "NOR"]
[SourceTitle "EXT 2024"]
[Source "ChessBase"]
[SourceDate "2023.10.10"]
[SourceVersion "1"]
[SourceVersionDate "2023.10.10"]
[SourceQuality "1"]

1. e4 e5 2. Nf3 Nc6 3. Nc3 Bc5 4. Be2 d6 5. Na4 Bb6 6. Nxb6 axb6 7. b3 f5 8. d3 f4 9. Bb2 Nf6 10. Qd2 Bg4 11. a4 Qe7 12. Qc3 Bxf3 13. Bxf3 Nd4 14. Bd1 g5 15. Qc4 Nc6 16. d4 exd4 17. f3 d5 18. Qd3 dxe4 19. fxe4 Qxe4+ 20. Qxe4+ Nxe4 21. Bh5+ Ke7 22. 0-0-0 Nc3 23. Rde1+ Kf6 24. Rhf1 Rhf8 25. Ba3 Na2+ 26. Kb2 Nab4 27. g3 Kg7 28. gxf4 Rxf4 29. Rg1 Kh6 30. Bg4 Raf8 31. Re6+ R8f6 32. Re7 Nxe7 33. Bxb4 Nd5 34. Bd2 Ne3 35. Bc8 Rf2 36. Kc1 Rg2 37. Rxg2 Nxg2 38. Bxb7 Ne3 39. Be1 Rf1 40. Kd2 1-0

[Event "Molde CC-ch"]
[Site "Molde"]
[Date "2009.10.20"]
[Round "3"]
[White "Simensen, Stein Ivar"]
[Black "Kosberg, Stian"]
[Result "1-0"]
[WhiteElo "980"]
[BlackElo "742"]
[PlyCount "59"]
[EventDate "2009.09.15"]
[EventType "swiss"]
[EventRounds "6"]
[EventCountry "NOR"]
[SourceTitle "EXT 2024"]
[Source "ChessBase"]
[SourceDate "2023.10.10"]
[SourceVersion "1"]
[SourceVersionDate "2023.10.10"]
[SourceQuality "1"]

1. e4 d6 2. Nf3 Nc6 3. d4 e6 4. c4 Nce7 5. Nc3 Nf6 6. Be2 h6 7. b3 Qd7 8. Bb2 b6 9. Qd2 Bb7 10. d5 e5 11. 0-0 0-0-0 12. b4 Kb8 13. a4 a6 14. Qe3 g5 15. a5 Ka7 16. axb6+ cxb6 17. c5 Qc7 18. cxb6+ Qxb6 19. Qxb6+ Kxb6 20. b5 Ra8 21. Rfb1 Bg7 22. Bc1 axb5 23. Be3+ Kc7 24. Nxb5+ Kd7 25. Nd2 Rhc8 26. Nc4 Rcb8 27. Nb6+ Kd8 28. Nxa8 Rxa8 29. Nxd6 Rxa1 30. Rxa1 1-0

[Event "Molde CC-ch"]
[Site "Molde"]
[Date "2009.09.15"]
[Round "1"]
[White "Simensen, Stein Ivar"]
[Black "Farstad, Gudmund"]
[Result "0-1"]
[WhiteElo "980"]
[BlackElo "1719"]
[PlyCount "76"]
[EventDate "2009.09.15"]
[EventType "swiss"]
[EventRounds "6"]
[EventCountry "NOR"]
[SourceTitle "EXT 2024"]
[Source "ChessBase"]
[SourceDate "2023.10.10"]
[SourceVersion "1"]
[SourceVersionDate "2023.10.10"]
[SourceQuality "1"]

1. e4 c5 2. Nf3 g6 3. d4 cxd4 4. Nxd4 Nc6 5. Nc3 Bg7 6. Be3 Nf6 7. Bc4 d6 8. 0-0 Ng4 9. a3 Nxe3 10. fxe3 0-0 11. Qd2 Nxd4 12. exd4 Qb6 13. Rad1 Bg4 14. Ne2 Bxe2 15. Bxe2 Qxb2 16. Qd3 Qb6 17. Kh1 Rac8 18. c3 Qa5 19. c4 b5 20. cxb5 Rc3 21. Qd2 Rxa3 22. Qxa5 Rxa5 23. d5 Rc8 24. Rb1 Rc2 25. Bg4 h5 26. Bd7 Raa2 27. Bh3 g5 28. Bd7 Rxg2 29. Rfd1 Rxh2+ 30. Kg1 Rag2+ 31. Kf1 Rc2 32. Kg1 g4 33. b6 axb6 34. Rxb6 g3 35. Rb8+ Kh7 36. e5 Kh6 37. exd6 Bd4+ 38. Rxd4 Rc1+ 0-1

[Event "Molde Spring"]
[Site "Molde"]
[Date "2009.04.16"]
[Round "5"]
[White "Simensen, Stein Ivar"]
[Black "Satervik, Erling"]
[Result "1-0"]
[WhiteElo "1055"]
[BlackElo "1237"]
[PlyCount "81"]
[EventDate "2009.01.22"]
[EventType "swiss"]
[EventRounds "6"]
[EventCountry "NOR"]
[SourceTitle "EXT 2024"]
[Source "ChessBase"]
[SourceDate "2023.10.10"]
[SourceVersion "1"]
[SourceVersionDate "2023.10.10"]
[SourceQuality "1"]

1. e4 c5 2. Nf3 d6 3. Bc4 Nf6 4. Nc3 Nc6 5. 0-0 e6 6. Re1 Nd7 7. a3 a6 8. Rb1 Nde5 9. Ba2 Be7 10. d3 0-0 11. Bf4 Ng6 12. Qd2 Kh8 13. e5 d5 14. d4 cxd4 15. Nxd4 Nxd4 16. Qxd4 Nxf4 17. Qxf4 b5 18. Rbd1 Bb7 19. Ne4 Qc7 20. Nc3 f6 21. Rd3 fxe5 22. Qxe5 Qb6 23. Re2 Rf6 24. Rh3 Raf8 25. Nd1 Bc5 26. Ne3 Bxe3 27. Rhxe3 Rd8 28. c3 d4 29. Rd3 Rg6 30. g3 Qc6 31. f3 Rf8 32. Rf2 dxc3 33. Rxc3 Qd7 34. Rc7 Qd1+ 35. Rf1 Qxf1+ 36. Kxf1 Rxf3+ 37. Ke2 Rgf6 38. Rxb7 Rf2+ 39. Kd3 R2f3+ 40. Kd4 Rf8 41. Qxg7# 1-0